000 01010nam a22002537a 4500
999 _c64798
_d64798
003 OSt
005 20240530110751.0
008 180926s2018 ua af g b 000 0 ara d
017 _bمصر. دار الكتب
_a2017/16808
020 _a9789777961318
040 _aEG-CaGPL
_cEG-CaGPL
082 0 4 _221
_a340.112/
_bش ن
100 0 _aشرف الدين امين ابوالمجد محمد
245 1 2 _aالنظرية الحديثة فى الالتزام الطبيعى :
_bدراسة مقارنة /
_cشرف الدين امين ابوالمجد محمد
250 _aط. 1
260 _aالقاهرة :
_bمركز الدراسات العربية للنشر والتوزيع ،
_c2018 .
300 _a608 ص. :
_bايض ؛
_c24 سم.
504 _aيشتمل على ارجاعات ببليوجرافية
650 0 7 _aالقانون المدنى
_2qrmak
650 0 7 _aالشريعة الاسلامية
_2qrmak
651 _2qrmak
942 _2ddc
_cBK